| 000 | 00450nam a2200169Ia 4500 | ||
|---|---|---|---|
| 008 | 130318s9999 xx 000 0 und d | ||
| 020 | _a9788120329980 | ||
| 082 | _a004.62 COM/I;4 | ||
| 100 | _aComer, Douglas E | ||
| 245 | _aInternetworking with TCP/IP:Principles, protocols and architecture. Vol 1 | ||
| 250 | _a5 | ||
| 260 |
_bPHI Learning _aNew Delhi _c2006 |
||
| 300 | _a650 | ||
| 650 | _aINTERNET | ||
| 650 | _aMOBILE IP | ||
| 650 | _aPROTOCOL | ||
| 999 |
_c2060 _d2060 |
||